[Event "PRAGUE OPEN 2020 - A - IM open"]
[Site "?"]
[Date "2020.01.11"]
[Round "2"]
[White "Eriksson, Christian Altenburg"]
[Black "Neuman, Petr"]
[Result "1/2-1/2"]
[BlackElo "2371"]
[WhiteElo "2121"]
[LiveChessVersion "1.4.8"]

1. e4 {[%clk 1:30:57]} c5 {[%clk 1:30:53]} 2. c3 {[%clk 1:31:18]} Nf6
{[%clk 1:31:13]} 3. e5 {[%clk 1:31:40]} Nd5 {[%clk 1:31:38]} 4. Nf3
{[%clk 1:32:04]} d6 {[%clk 1:31:27]} 5. Bc4 {[%clk 1:29:45]} Nb6 {[%clk 1:30:22]}
6. Bb3 {[%clk 1:28:45]} c4 {[%clk 1:24:14]} 7. Bc2 {[%clk 1:28:15]} Bg4
{[%clk 1:15:04]} 8. exd6 {[%clk 1:26:51]} Qxd6 {[%clk 1:14:07]} 9. O-O
{[%clk 1:25:12]} Nc6 {[%clk 1:11:43]} 10. Re1 {[%clk 1:23:11]} Ne5
{[%clk 0:56:31]} 11. Rxe5 {[%clk 1:18:33]} Bxf3 {[%clk 0:56:18]} 12. Qe1
{[%clk 1:18:33]} Bd5 {[%clk 0:55:37]} 13. b3 {[%clk 1:16:23]} f6 {[%clk 0:49:45]}
14. Re3 {[%clk 1:13:15]} Qc6 {[%clk 0:46:54]} 15. Be4 {[%clk 1:10:12]} e5
{[%clk 0:46:01]} 16. Ba3 {[%clk 1:03:58]} Bc5 {[%clk 0:31:14]} 17. Bxd5
{[%clk 0:49:11]} Qxd5 {[%clk 0:26:53]} 18. Bxc5 {[%clk 0:45:20]} Qxc5
{[%clk 0:27:19]} 19. d4 {[%clk 0:44:47]} cxd3 {[%clk 0:27:44]} 20. Rxd3
{[%clk 0:45:05]} O-O {[%clk 0:27:13]} 21. Qd2 {[%clk 0:41:16]} Qe7
{[%clk 0:10:45]} 22. c4 {[%clk 0:38:09]} Rad8 {[%clk 0:11:09]} 23. Nc3
{[%clk 0:37:05]} Rxd3 {[%clk 0:11:31]} 24. Qxd3 {[%clk 0:37:23]} Rd8
{[%clk 0:11:55]} 25. Qf3 {[%clk 0:34:58]} Rd2 {[%clk 0:08:30]} 26. g3
{[%clk 0:32:50]} Qd7 {[%clk 0:07:10]} 27. Rd1 {[%clk 0:25:33]} Rxd1+
{[%clk 0:07:32]} 28. Qxd1 {[%clk 0:25:45]} Qxd1+ {[%clk 0:07:26]} 29. Nxd1
{[%clk 0:26:13]} Kf7 {[%clk 0:07:43]} 30. Nc3 {[%clk 0:26:27]} Ke6
{[%clk 0:07:57]} 1/2-1/2

[Event "PRAGUE OPEN 2020 - A - IM open"]
[Site "?"]
[Date "2020.01.11"]
[Round "2"]
[White "Peng, Hongchi"]
[Black "Kristiansen, Willy M"]
[Result "1-0"]
[BlackElo "2137"]
[WhiteElo "2362"]
[LiveChessVersion "1.4.8"]

1. e4 {[%clk 1:30:59]} e5 {[%clk 1:24:09]} 2. Nf3 {[%clk 1:31:22]} Nc6
{[%clk 1:24:29]} 3. Bb5 {[%clk 1:31:46]} Nf6 {[%clk 1:23:37]} 4. d3 Bc5
{[%clk 1:23:44]} 5. O-O {[%clk 1:31:19]} d6 {[%clk 1:23:58]} 6. c3
{[%clk 1:30:49]} O-O {[%clk 1:24:11]} 7. d4 {[%clk 1:28:04]} Bb6 {[%clk 1:20:57]}
8. a4 {[%clk 1:11:51]} a6 {[%clk 1:18:42]} 9. Bxc6 {[%clk 1:12:15]} bxc6
{[%clk 1:19:06]} 10. a5 {[%clk 1:10:23]} Ba7 {[%clk 1:19:24]} 11. dxe5
{[%clk 1:06:57]} Nxe4 {[%clk 1:15:54]} 12. Qa4 {[%clk 0:59:38]} Nc5
{[%clk 1:13:51]} 13. Qc2 {[%clk 1:00:03]} f6 {[%clk 1:11:10]} 14. exd6
{[%clk 0:57:05]} cxd6 {[%clk 1:10:49]} 15. Be3 {[%clk 0:55:31]} Qc7
{[%clk 1:04:00]} 16. Nbd2 {[%clk 0:54:46]} Be6 {[%clk 1:03:04]} 17. b4
{[%clk 0:48:37]} Nd7 {[%clk 1:03:05]} 18. Bxa7 {[%clk 0:47:54]} Rxa7
{[%clk 1:03:11]} 19. Rfe1 {[%clk 0:48:08]} Bf7 {[%clk 1:01:37]} 20. Re7
{[%clk 0:42:41]} Qd8 {[%clk 1:00:11]} 21. Rae1 {[%clk 0:41:16]} Ra8
{[%clk 0:58:37]} 22. R7e3 {[%clk 0:38:30]} c5 {[%clk 0:51:05]} 23. Ne4
{[%clk 0:36:24]} Qc7 {[%clk 0:49:31]} 24. Qd2 {[%clk 0:36:39]} d5
{[%clk 0:45:39]} 25. Ng3 {[%clk 0:36:51]} g6 {[%clk 0:45:19]} 26. Re7
{[%clk 0:31:23]} Qd6 {[%clk 0:41:31]} 27. Nh4 {[%clk 0:31:00]} f5
{[%clk 0:22:12]} 28. bxc5 {[%clk 0:16:11]} Nxc5 {[%clk 0:20:56]} 29. Nhxf5
{[%clk 0:12:34]} gxf5 {[%clk 0:19:04]} 30. Nxf5 {[%clk 0:13:00]} Qf6
{[%clk 0:17:07]} 31. Nh6+ {[%clk 0:12:40]} Kg7 {[%clk 0:15:06]} 32. Ng4
{[%clk 0:13:02]} Nb3 {[%clk 0:12:45]} 33. Qe3 {[%clk 0:07:16]} Qd6
{[%clk 0:09:06]} 34. Qg5+ {[%clk 0:07:25]} Kh8 {[%clk 0:08:49]} 35. R1e6
{[%clk 0:07:36]} Qxe6 {[%clk 0:05:06]} 36. Rxe6 {[%clk 0:08:02]} Bxe6
{[%clk 0:05:31]} 37. Qe5+ {[%clk 0:08:31]} Kg8 {[%clk 0:05:46]} 38. Nh6#
{[%clk 0:08:58]} 1-0

[Event "PRAGUE OPEN 2020 - A - IM open"]
[Site "?"]
[Date "2020.01.11"]
[Round "2"]
[White "Mis, Mieszko"]
[Black "Hrbek, Stepan"]
[Result "0-1"]
[BlackElo "2126"]
[WhiteElo "2349"]
[LiveChessVersion "1.4.8"]

1. Nf3 {[%clk 1:30:56]} d5 {[%clk 1:30:43]} 2. d4 {[%clk 1:30:52]} Nf6
{[%clk 1:31:08]} 3. g3 {[%clk 1:31:01]} e6 {[%clk 1:31:25]} 4. c4
{[%clk 1:30:43]} dxc4 {[%clk 1:31:40]} 5. Bg2 {[%clk 1:30:09]} a6
{[%clk 1:31:51]} 6. O-O {[%clk 1:30:15]} Nc6 {[%clk 1:32:11]} 7. Bg5
{[%clk 1:30:06]} Be7 {[%clk 1:32:02]} 8. e3 {[%clk 1:28:24]} O-O {[%clk 1:32:17]}
9. Nbd2 {[%clk 1:24:28]} e5 {[%clk 1:32:01]} 10. Nxc4 {[%clk 1:22:14]} exd4
{[%clk 1:32:13]} 11. Nxd4 {[%clk 1:22:33]} Nxd4 {[%clk 1:32:32]} 12. Qxd4
{[%clk 1:22:58]} Qxd4 {[%clk 1:32:58]} 13. exd4 {[%clk 1:23:25]} h6
{[%clk 1:26:22]} 14. Bf4 {[%clk 1:23:37]} Be6 {[%clk 1:04:12]} 15. Na5
{[%clk 1:17:06]} Nd5 {[%clk 1:04:36]} 16. Bd2 {[%clk 1:12:38]} Bf6
{[%clk 1:02:17]} 17. Rad1 {[%clk 0:59:55]} Rab8 {[%clk 0:56:44]} 18. Rfe1
{[%clk 0:56:03]} Rfd8 {[%clk 0:56:00]} 19. Bc3 {[%clk 0:47:12]} c6
{[%clk 0:55:09]} 20. Nb3 {[%clk 0:47:02]} b6 {[%clk 0:50:29]} 21. Rc1
{[%clk 0:37:47]} a5 {[%clk 0:48:57]} 22. Red1 {[%clk 0:32:46]} a4
{[%clk 0:44:17]} 23. Nd2 {[%clk 0:27:55]} Nxc3 {[%clk 0:41:49]} 24. bxc3
{[%clk 0:28:09]} c5 {[%clk 0:41:38]} 25. dxc5 {[%clk 0:20:07]} bxc5
{[%clk 0:39:12]} 26. a3 {[%clk 0:08:06]} Bb3 {[%clk 0:24:25]} 27. Nxb3
{[%clk 0:08:29]} Rxd1+ {[%clk 0:24:50]} 28. Rxd1 {[%clk 0:08:55]} axb3
{[%clk 0:25:14]} 29. Bd5 {[%clk 0:07:46]} Bxc3 {[%clk 0:24:23]} 30. Kf1
{[%clk 0:05:55]} b2 {[%clk 0:23:55]} 31. Be4 {[%clk 0:03:06]} g6 {[%clk 0:22:57]}
32. Bc2 {[%clk 0:03:12]} Re8 {[%clk 0:20:35]} 33. a4 {[%clk 0:03:09]} c4
{[%clk 0:18:16]} 34. Bb1 {[%clk 0:02:42]} Bf6 {[%clk 0:17:00]} 35. Re1
{[%clk 0:02:06]} Rd8 {[%clk 0:16:52]} 36. Ke2 {[%clk 0:02:34]} Bc3
{[%clk 0:15:11]} 37. Rd1 {[%clk 0:02:54]} Re8+ {[%clk 0:15:39]} 38. Kf1
{[%clk 0:01:56]} Bf6 {[%clk 0:14:00]} 39. Re1 {[%clk 0:02:20]} Ra8
{[%clk 0:14:27]} 40. Bc2 {[%clk 0:02:17]} Rd8 {[%clk 0:11:27]} 41. Ke2
{[%clk 0:02:17]} Bc3 {[%clk 0:11:15]} 42. Rd1 {[%clk 0:02:43]} Re8+
{[%clk 0:11:43]} 43. Kf1 {[%clk 0:02:39]} Kf8 {[%clk 0:09:32]} 44. Bb1
{[%clk 0:30:25]} Bf6 {[%clk 0:39:54]} 45. Bc2 {[%clk 0:30:03]} c3
{[%clk 0:39:24]} 46. Bb1 {[%clk 0:23:36]} h5 {[%clk 0:37:10]} 47. h4
{[%clk 0:22:04]} Re6 {[%clk 0:34:11]} 48. Bc2 {[%clk 0:20:09]} Ke7
{[%clk 0:34:23]} 49. Bb1 {[%clk 0:19:40]} Bg7 {[%clk 0:31:26]} 50. Bc2
{[%clk 0:19:44]} Bh6 {[%clk 0:26:28]} 51. Re1 {[%clk 0:19:19]} Rxe1+
{[%clk 0:26:25]} 52. Kxe1 {[%clk 0:19:47]} Kd6 {[%clk 0:26:48]} 53. Bb1
{[%clk 0:17:49]} Kc5 {[%clk 0:26:55]} 54. Kd1 {[%clk 0:18:12]} Kb4
{[%clk 0:27:15]} 55. Kc2 {[%clk 0:18:22]} Bd2 {[%clk 0:27:03]} 56. Ba2
{[%clk 0:18:25]} f6 {[%clk 0:26:09]} 57. Bf7 {[%clk 0:14:54]} Kxa4
{[%clk 0:15:12]} 58. Bxg6 {[%clk 0:14:50]} Ka3 {[%clk 0:15:38]} 59. Bf7
{[%clk 0:05:11]} Be1 {[%clk 0:15:30]} 60. f3 {[%clk 0:00:47]} Bxg3
{[%clk 0:15:46]} 61. Kb1 {[%clk 0:00:51]} Bxh4 {[%clk 0:15:50]} 62. Bxh5
{[%clk 0:00:39]} c2+ {[%clk 0:16:02]} 63. Kxc2 {[%clk 0:01:04]} Ka2
{[%clk 0:16:29]} 64. Bf7+ {[%clk 0:01:20]} Ka1 {[%clk 0:16:54]} 0-1

[Event "PRAGUE OPEN 2020 - A - IM open"]
[Site "?"]
[Date "2020.01.11"]
[Round "2"]
[White "Saglam, Buelent"]
[Black "Priehoda, Vitezslav"]
[Result "1/2-1/2"]
[BlackElo "2341"]
[WhiteElo "2118"]
[LiveChessVersion "1.4.8"]

1. d4 {[%clk 1:29:27]} Nf6 {[%clk 1:30:55]} 2. c4 {[%clk 1:29:49]} e6
{[%clk 1:31:23]} 3. Nc3 {[%clk 1:30:06]} Bb4 {[%clk 1:31:48]} 4. e3
{[%clk 1:29:58]} b6 {[%clk 1:32:08]} 5. Bd3 {[%clk 1:22:49]} Bb7 {[%clk 1:28:55]}
6. Nf3 {[%clk 1:20:03]} O-O {[%clk 1:19:30]} 7. Qc2 {[%clk 1:09:41]} d5
{[%clk 1:10:29]} 8. O-O {[%clk 1:06:22]} Nbd7 {[%clk 1:02:53]} 9. a3
{[%clk 0:56:57]} Be7 {[%clk 0:57:49]} 10. b3 {[%clk 0:48:14]} dxc4
{[%clk 0:51:19]} 11. bxc4 {[%clk 0:48:40]} c5 {[%clk 0:51:44]} 12. d5
{[%clk 0:45:43]} exd5 {[%clk 0:51:49]} 13. cxd5 {[%clk 0:44:45]} c4
{[%clk 0:49:02]} 14. Bf5 {[%clk 0:35:47]} Nc5 {[%clk 0:33:14]} 15. e4
{[%clk 0:33:36]} g6 {[%clk 0:32:51]} 16. Bh3 {[%clk 0:33:54]} Re8
{[%clk 0:30:11]} 17. Re1 {[%clk 0:26:18]} Nd3 {[%clk 0:26:11]} 18. Re2
{[%clk 0:26:39]} Nh5 {[%clk 0:23:04]} 19. g3 {[%clk 0:26:15]} Bf6
{[%clk 0:22:16]} 20. Ra2 {[%clk 0:23:02]} a6 {[%clk 0:20:12]} 21. Ne1
{[%clk 0:04:19]} Nxc1 {[%clk 0:15:15]} 22. Qxc1 {[%clk 0:04:48]} b5
{[%clk 0:15:40]} 23. Nf3 {[%clk 0:04:14]} Qc7 {[%clk 0:09:21]} 24. Bg2
{[%clk 0:01:09]} Rad8 {[%clk 0:08:01]} 25. Qe1 {[%clk 0:01:38]} Bg7
{[%clk 0:07:09]} 26. h3 {[%clk 0:01:28]} Qa5 {[%clk 0:05:12]} 27. Nb1
{[%clk 0:01:57]} Qxe1+ {[%clk 0:05:06]} 28. Nxe1 {[%clk 0:02:06]} f5
{[%clk 0:04:56]} 29. exf5 {[%clk 0:01:33]} gxf5 {[%clk 0:05:20]} 30. Rxe8+
{[%clk 0:01:31]} Rxe8 {[%clk 0:05:49]} 31. Nc2 {[%clk 0:01:36]} f4
{[%clk 0:05:44]} 32. a4 {[%clk 0:00:38]} fxg3 {[%clk 0:05:51]} 33. axb5
{[%clk 0:00:54]} gxf2+ {[%clk 0:05:52]} 34. Kxf2 {[%clk 0:01:22]} axb5
{[%clk 0:06:16]} 35. Ra7 {[%clk 0:01:39]} Ba8 {[%clk 0:03:48]} 36. Ra5
{[%clk 0:01:59]} Nf4 {[%clk 0:03:07]} 37. Rxb5 {[%clk 0:01:04]} Re2+
{[%clk 0:02:44]} 38. Kf3 {[%clk 0:01:15]} Rxg2 {[%clk 0:01:55]} 39. Ne3
{[%clk 0:01:26]} Rb2 {[%clk 0:01:41]} 40. Rxb2 {[%clk 0:01:29]} Bxb2
{[%clk 0:02:08]} 41. Kxf4 {[%clk 0:01:16]} Bc1 {[%clk 0:00:38]} 42. Nc3
{[%clk 0:01:04]} Bd2 {[%clk 0:30:27]} 43. Ne4 {[%clk 0:30:47]} c3
{[%clk 0:29:53]} 44. Nxd2 {[%clk 0:25:33]} cxd2 {[%clk 0:30:12]} 45. Ke4
{[%clk 0:16:44]} Kf7 {[%clk 0:29:49]} 46. Kd4 {[%clk 0:16:12]} 1/2-1/2

[Event "PRAGUE OPEN 2020 - A - IM open"]
[Site "?"]
[Date "2020.01.11"]
[Round "2"]
[White "Domogaev, Sergey"]
[Black "Sindler, Michal"]
[Result "1-0"]
[BlackElo "2119"]
[WhiteElo "2334"]
[LiveChessVersion "1.4.8"]

1. d4 {[%clk 1:30:56]} Nf6 {[%clk 1:30:42]} 2. c4 {[%clk 1:31:19]} g6
{[%clk 1:31:00]} 3. Nc3 {[%clk 1:31:43]} Bg7 {[%clk 1:31:04]} 4. e4
{[%clk 1:32:07]} d6 {[%clk 1:31:29]} 5. f4 {[%clk 1:32:31]} c5 {[%clk 1:30:13]}
6. d5 {[%clk 1:32:54]} O-O {[%clk 1:30:34]} 7. Bd3 {[%clk 1:33:13]} e6
{[%clk 1:30:32]} 8. dxe6 {[%clk 1:33:38]} fxe6 {[%clk 1:30:34]} 9. Nf3
{[%clk 1:34:03]} Nc6 {[%clk 1:29:51]} 10. O-O {[%clk 1:34:27]} Nh5
{[%clk 1:21:07]} 11. g3 {[%clk 1:24:25]} b6 {[%clk 1:11:47]} 12. f5
{[%clk 1:19:47]} exf5 {[%clk 1:00:05]} 13. exf5 {[%clk 1:20:08]} gxf5
{[%clk 0:58:52]} 14. Ng5 {[%clk 1:18:45]} Bd4+ {[%clk 0:56:26]} 15. Kg2
{[%clk 1:18:44]} Ng7 {[%clk 0:55:17]} 16. h3 {[%clk 1:12:55]} Ne5
{[%clk 0:43:44]} 17. Be2 {[%clk 1:13:02]} Bb7+ {[%clk 0:40:08]} 18. Kh2
{[%clk 1:13:09]} Ng6 {[%clk 0:36:52]} 19. Bf3 {[%clk 1:12:48]} Rb8
{[%clk 0:34:34]} 20. Nb5 {[%clk 1:10:18]} f4 {[%clk 0:21:56]} 21. gxf4
{[%clk 1:05:28]} Nxf4 {[%clk 0:20:02]} 22. Bxb7 {[%clk 0:57:53]} Qxg5
{[%clk 0:17:04]} 23. Bd5+ {[%clk 0:58:00]} Kh8 {[%clk 0:16:38]} 24. Nxd4
{[%clk 0:58:10]} cxd4 {[%clk 0:11:12]} 25. Qxd4 {[%clk 0:57:38]} Qg3+
{[%clk 0:05:53]} 26. Kxg3 {[%clk 0:56:56]} Ne2+ {[%clk 0:06:15]} 27. Kg2
{[%clk 0:52:31]} Nxd4 {[%clk 0:06:41]} 28. Bd2 {[%clk 0:52:11]} Ndf5
{[%clk 0:06:09]} 29. Rae1 {[%clk 0:50:43]} Rbe8 {[%clk 0:06:12]} 30. Bc3
{[%clk 0:50:53]} Rxe1 {[%clk 0:05:26]} 31. Rxe1 {[%clk 0:51:03]} h6
{[%clk 0:05:18]} 32. Kh2 {[%clk 0:48:44]} Kh7 {[%clk 0:05:04]} 33. Be4
{[%clk 0:48:50]} Nh5 {[%clk 0:02:18]} 34. Bd3 {[%clk 0:45:53]} Nf4
{[%clk 0:01:42]} 35. Bc2 {[%clk 0:43:38]} Kg6 {[%clk 0:01:14]} 36. Rg1+
{[%clk 0:43:48]} Kh5 {[%clk 0:00:49]} 37. Bd1+ {[%clk 0:44:01]} Kh4
{[%clk 0:01:12]} 38. Rg4+ {[%clk 0:43:04]} 1-0

[Event "PRAGUE OPEN 2020 - A - IM open"]
[Site "?"]
[Date "2020.01.11"]
[Round "2"]
[White "Niechotz, Christopher"]
[Black "Vokac, Marek"]
[Result "0-1"]
[BlackElo "2334"]
[WhiteElo "2107"]
[LiveChessVersion "1.4.8"]

1. c4 {[%clk 1:30:31]} g6 {[%clk 1:25:27]} 2. g3 {[%clk 1:30:52]} Bg7
{[%clk 1:24:48]} 3. Bg2 {[%clk 1:31:09]} e5 {[%clk 1:24:34]} 4. Nc3
{[%clk 1:28:38]} Nc6 {[%clk 1:24:46]} 5. d3 {[%clk 1:15:03]} d6 {[%clk 1:24:13]}
6. Rb1 {[%clk 1:08:24]} a5 {[%clk 1:23:50]} 7. a3 {[%clk 1:06:31]} Nf6
{[%clk 1:22:37]} 8. e4 {[%clk 1:00:15]} O-O {[%clk 1:22:36]} 9. Nge2
{[%clk 0:56:27]} Be6 {[%clk 1:21:55]} 10. O-O {[%clk 0:55:19]} Qd7
{[%clk 1:06:42]} 11. b4 {[%clk 0:48:19]} axb4 {[%clk 1:05:53]} 12. axb4
{[%clk 0:48:41]} Nh5 {[%clk 1:05:04]} 13. b5 {[%clk 0:43:14]} Nd8
{[%clk 0:58:32]} 14. Nd5 {[%clk 0:39:43]} f5 {[%clk 0:56:20]} 15. b6
{[%clk 0:31:23]} c6 {[%clk 0:49:33]} 16. Nc7 {[%clk 0:31:42]} Rc8
{[%clk 0:50:02]} 17. Nxe6 {[%clk 0:27:28]} Nxe6 {[%clk 0:50:29]} 18. exf5
{[%clk 0:25:29]} gxf5 {[%clk 0:50:44]} 19. f4 {[%clk 0:23:12]} exf4
{[%clk 0:50:39]} 20. Nxf4 {[%clk 0:23:27]} Nhxf4 {[%clk 0:50:55]} 21. Bxf4
{[%clk 0:23:51]} Rce8 {[%clk 0:43:32]} 22. Qh5 {[%clk 0:21:37]} Bd4+
{[%clk 0:40:13]} 23. Kh1 {[%clk 0:21:47]} Ng7 {[%clk 0:40:41]} 24. Qf3
{[%clk 0:18:48]} Re6 {[%clk 0:40:30]} 25. Bh3 {[%clk 0:14:17]} Qd8
{[%clk 0:39:28]} 26. Bd2 {[%clk 0:10:47]} Rg6 {[%clk 0:24:50]} 27. Be3
{[%clk 0:04:05]} Qf6 {[%clk 0:24:10]} 28. Qf2 {[%clk 0:04:24]} Ne6
{[%clk 0:15:25]} 29. Bxf5 {[%clk 0:01:21]} Qxf5 {[%clk 0:15:19]} 30. Qxf5
{[%clk 0:01:15]} Rxf5 {[%clk 0:15:46]} 31. Rxf5 {[%clk 0:01:23]} Bxe3
{[%clk 0:16:13]} 32. Ra5 {[%clk 0:01:17]} Rf6 {[%clk 0:10:31]} 33. Ra8+
{[%clk 0:00:45]} Kg7 {[%clk 0:10:58]} 34. Rb8 {[%clk 0:00:55]} Nc5
{[%clk 0:11:10]} 35. Re1 {[%clk 0:01:02]} Bd4 {[%clk 0:10:48]} 36. Re7+
{[%clk 0:01:01]} Kg6 {[%clk 0:07:27]} 37. Rg8+ {[%clk 0:00:59]} Kh6
{[%clk 0:07:03]} 38. Kg2 {[%clk 0:00:41]} Rf2+ {[%clk 0:03:35]} 39. Kh3
{[%clk 0:01:03]} Be5 {[%clk 0:03:50]} 40. Rxe5 {[%clk 0:00:33]} dxe5
{[%clk 0:04:03]} 41. g4 {[%clk 0:27:32]} Nxd3 {[%clk 0:23:36]} 42. Kg3
{[%clk 0:27:04]} e4 {[%clk 0:18:33]} 0-1

[Event "PRAGUE OPEN 2020 - A - IM open"]
[Site "?"]
[Date "2020.01.11"]
[Round "2"]
[White "Liu, Zhaoqi"]
[Black "Adamko, Peter"]
[Result "1-0"]
[BlackElo "2082"]
[WhiteElo "2328"]
[LiveChessVersion "1.4.8"]

1. c4 {[%clk 1:29:33]} Nf6 {[%clk 1:30:44]} 2. Nc3 {[%clk 1:29:52]} e5
{[%clk 1:30:19]} 3. Nf3 {[%clk 1:30:14]} Nc6 {[%clk 1:30:21]} 4. e4
{[%clk 1:30:37]} d6 {[%clk 1:29:59]} 5. d4 {[%clk 1:30:59]} Bg4 {[%clk 1:26:11]}
6. d5 {[%clk 1:31:23]} Nd4 {[%clk 1:25:55]} 7. Be3 {[%clk 1:31:45]} Nxf3+
{[%clk 1:22:33]} 8. gxf3 {[%clk 1:32:08]} Bd7 {[%clk 1:19:34]} 9. Qd2
{[%clk 1:32:20]} Nh5 {[%clk 1:05:29]} 10. Be2 {[%clk 1:30:33]} h6
{[%clk 1:02:52]} 11. Rg1 {[%clk 1:23:12]} g5 {[%clk 0:58:16]} 12. O-O-O
{[%clk 1:21:13]} Nf4 {[%clk 0:55:07]} 13. Kb1 {[%clk 1:21:29]} a6
{[%clk 0:49:00]} 14. Rc1 {[%clk 1:21:49]} f6 {[%clk 0:43:55]} 15. b4
{[%clk 1:19:17]} a5 {[%clk 0:39:20]} 16. a3 {[%clk 1:19:16]} axb4
{[%clk 0:39:37]} 17. axb4 {[%clk 1:19:44]} b6 {[%clk 0:39:42]} 18. Kb2
{[%clk 1:19:43]} Be7 {[%clk 0:37:55]} 19. Ra1 {[%clk 1:19:50]} Kf7
{[%clk 0:37:48]} 20. Nb5 {[%clk 1:17:11]} Rxa1 {[%clk 0:30:55]} 21. Rxa1
{[%clk 1:17:35]} Qb8 {[%clk 0:31:00]} 22. Bf1 {[%clk 1:14:58]} Qb7
{[%clk 0:29:33]} 23. Qc3 {[%clk 1:11:35]} Rc8 {[%clk 0:25:10]} 24. Ra7
{[%clk 1:08:46]} Qb8 {[%clk 0:25:27]} 25. Qa3 {[%clk 1:08:46]} Bxb5
{[%clk 0:18:23]} 26. cxb5 {[%clk 1:08:57]} Re8 {[%clk 0:17:15]} 27. Qa6
{[%clk 1:08:40]} Kg6 {[%clk 0:17:11]} 28. Rb7 {[%clk 1:04:05]} Qc8
{[%clk 0:16:54]} 29. Qa7 {[%clk 1:03:49]} Bd8 {[%clk 0:15:14]} 30. Bxb6
{[%clk 1:04:02]} Re7 {[%clk 0:15:09]} 31. Be3 {[%clk 1:03:21]} g4
{[%clk 0:11:21]} 32. b6 {[%clk 1:01:14]} gxf3 {[%clk 0:10:19]} 33. Rb8
{[%clk 1:01:25]} Qd7 {[%clk 0:07:37]} 34. Qa8 {[%clk 0:59:30]} Ne2
{[%clk 0:06:24]} 35. Rxd8 {[%clk 0:54:58]} Qb5 {[%clk 0:06:39]} 36. Rg8+
{[%clk 0:55:20]} Kh5 {[%clk 0:06:29]} 37. Qa3 {[%clk 0:55:12]} cxb6
{[%clk 0:05:44]} 38. Bc5 {[%clk 0:54:24]} 1-0

[Event "PRAGUE OPEN 2020 - A - IM open"]
[Site "?"]
[Date "2020.01.11"]
[Round "2"]
[White "Tsotsonava, Elene"]
[Black "Nasshan, Dennis"]
[Result "0-1"]
[BlackElo "2307"]
[WhiteElo "2078"]
[LiveChessVersion "1.4.8"]

1. e4 c6 2. d4 d5 3. e5 Bf5 4. h4 h5 5. c4 e6 6. Nc3 Ne7 7. Bg5 dxc4 8. Bxc4 Nd7
9. a3 f6 10. exf6 gxf6 11. Bf4 Nb6 12. Be2 Bg6 13. Bf3 Ned5 14. Nge2 Qd7 15. Ne4
O-O-O 16. Bg3 Bxe4 17. Bxe4 Bd6 18. Bxd6 Qxd6 19. b4 Nf4 20. O-O Kb8 21. a4 Nbd5
22. Bf3 Nxe2+ 23. Qxe2 Nf4 24. Qc2 Rdg8 25. Qc5 Qxc5 26. dxc5 Ng6 27. g3 Nxh4 28.
Be2 Nf5 29. Bc4 Nd4 30. Rfd1 Rg4 31. Kf1 e5 32. Ra3 h4 33. Kg2 hxg3 34. fxg3 Nc2
35. Be6 Rxb4 36. Rf3 Nd4 37. Rxf6 Rb2+ 38. Kg1 Ne2+ 39. Kf1 Nxg3+ 0-1

[Event "PRAGUE OPEN 2020 - A - IM open"]
[Site "Praha, Olympik hotel"]
[Date "2020.01.11"]
[Round "2"]
[White "CZERW, Dawid"]
[Black "YAPAR, Nedim"]
[Result "1/2-1/2"]
[WhiteElo "2262"]
[BlackElo "2058"]
[PlyCount "61"]
[EventDate "2020.01.10"]

1. d4 Nf6 2. c4 e6 3. Nf3 d5 4. g3 Bb4+ 5. Bd2 Be7 6. Bg2 O-O 7. O-O c6 8. Bc3
Nbd7 9. Nbd2 a5 10. b3 b6 11. Ne5 Bb7 12. e4 c5 13. exd5 cxd4 14. Bxd4 Nxe5 15.
Bxe5 exd5 16. Rc1 Ra7 17. Re1 Qd7 18. Bxf6 Bxf6 19. cxd5 Bxd5 20. Bxd5 Qxd5 21.
Ne4 Qf5 22. Nxf6+ Qxf6 23. Qd5 Qb2 24. Qd6 Raa8 25. Qxb6 Qxa2 26. Ra1 Qd2 27.
Red1 Qc2 28. Rac1 Qb2 29. Rb1 Qc2 30. Rdc1 Qd3 31. Rd1 1/2-1/2

[Event "PRAGUE OPEN 2020 - A - IM open"]
[Site "Praha, Olympik hotel"]
[Date "2020.01.11"]
[Round "2"]
[White "CZERNEK, Tymon"]
[Black "VIGNESH, B."]
[Result "0-1"]
[WhiteElo "2038"]
[BlackElo "2250"]
[PlyCount "66"]
[EventDate "2020.01.10"]

1. e4 e6 2. d4 d5 3. Nc3 Nf6 4. e5 Nfd7 5. f4 c5 6. Nf3 Nc6 7. Be3 a6 8. Qd2 b5
9. dxc5 Bxc5 10. O-O-O Qb6 11. Nd4 f6 12. exf6 Nxf6 13. g3 O-O 14. Bg2 Na5 15.
Qd3 Nc4 16. Bg1 Bb7 17. Re1 Rfe8 18. b3 e5 19. fxe5 Nxe5 20. Rxe5 Rxe5 21. Nf3
Ree8 22. Nd4 Ne4 23. Bxe4 dxe4 24. Qe3 Rad8 25. Nce2 b4 26. h4 a5 27. g4 Ba6
28. Qg5 Bxd4 29. Nxd4 Rxd4 30. Bxd4 Qxd4 31. Rd1 Qa1+ 32. Kd2 e3+ 33. Ke1 Qc3+
0-1

[Event "PRAGUE OPEN 2020 - A - IM open"]
[Site "Praha, Olympik hotel"]
[Date "2020.01.11"]
[Round "2"]
[White "RIHA, Vojtech"]
[Black "SKURNIAK, Szymon"]
[Result "1-0"]
[WhiteElo "2247"]
[BlackElo "2030"]
[PlyCount "66"]
[EventDate "2020.01.10"]

1. e4 c5 2. b4 cxb4 3. a3 d5 4. exd5 Qxd5 5. Nf3 e5 6. Bb2 Nc6 7. c4 Qe6 8. Bd3
Nf6 9. O-O Bd6 10. Re1 O-O 11. Bf1 e4 12. d3 Qd7 13. dxe4 Nxe4 14. Qd5 Nc5 15.
Nfd2 Ne7 16. Qd4 Nf5 17. Qg4 bxa3 18. Rxa3 f6 19. Nb3 b6 20. Nxc5 bxc5 21. Bd3
Rb8 22. Ba1 Re8 23. Rxe8+ Qxe8 24. Rxa7 Rb3 25. Bxf6 g6 26. Qe4 Qxe4 27. Bxe4
Be6 28. Bg5 Bxc4 29. Rxh7 Kf8 30. Rh8+ Bg8 31. Rxg8+ Kxg8 32. Bd5+ Kf8 33. Bxb3
c4 1-0

[Event "PRAGUE OPEN 2020 - A - IM open"]
[Site "Praha, Olympik hotel"]
[Date "2020.01.11"]
[Round "2"]
[White "HELGADOTTIR, Sigridur Bjorg"]
[Black "SHARMA, Isha"]
[Result "0-1"]
[WhiteElo "1659"]
[BlackElo "2169"]
[PlyCount "56"]
[EventDate "2020.01.10"]

1. d4 d6 2. c4 e5 3. Nc3 exd4 4. Qxd4 Nc6 5. Qd2 Nf6 6. g3 Be6 7. e4 g6 8. b3
Bg7 9. Bb2 O-O 10. Bg2 a5 11. Nge2 a4 12. Rd1 axb3 13. axb3 Nd7 14. Nd5 Nce5
15. Nd4 Nc5 16. O-O Nxb3 17. Qc3 Nxd4 18. Rfe1 Nec6 19. Kh1 Ra2 20. Rd2 Rxb2
21. Rxb2 Nf3 22. Qxf3 Bxb2 23. Qb3 Bd4 24. Qxb7 Ne5 25. Nxc7 Nd3 26. Rf1 Nxf2+
27. Kg1 Ng4+ 28. Kh1 Bxc4 0-1

[Event "PRAGUE OPEN 2020 - A - IM open"]
[Site "Praha, Olympik hotel"]
[Date "2020.01.11"]
[Round "2"]
[White "JAHODA, Ladislav"]
[Black "FOO, William J"]
[Result "0-1"]
[WhiteElo "1890"]
[BlackElo "2186"]
[PlyCount "54"]
[EventDate "2020.01.10"]

1. e4 c5 2. c3 d5 3. exd5 Qxd5 4. d4 Nc6 5. Nf3 Bg4 6. Be2 e6 7. Be3 cxd4 8.
cxd4 Bb4+ 9. Nc3 Qa5 10. Qb3 Rd8 11. Rd1 Nge7 12. O-O O-O 13. a3 Bd6 14. h3 Bh5
15. Ne4 Qd5 16. Qxd5 Nxd5 17. Nxd6 Rxd6 18. g4 Bg6 19. Ne5 Nxe3 20. fxe3 Nxe5
21. dxe5 Rc6 22. Bf3 Rc5 23. Rd7 b5 24. Rxa7 Rxe5 25. Re1 f5 26. a4 fxg4 27.
Bxg4 h5 0-1

[Event "PRAGUE OPEN 2020 - A - IM open"]
[Site "Praha, Olympik hotel"]
[Date "2020.01.11"]
[Round "2"]
[White "WEIJERS, Ralf"]
[Black "LAVERTON, Christian"]
[Result "0-1"]
[WhiteElo "1858"]
[BlackElo "2109"]
[PlyCount "48"]
[EventDate "2020.01.10"]

1. e4 c5 2. a3 g6 3. h4 h5 4. Bc4 Nc6 5. b4 Bg7 6. c3 Nf6 7. Qc2 b6 8. b5 Ne5
9. Ba2 Bb7 10. f3 c4 11. Nh3 Nd3+ 12. Ke2 Qc7 13. a4 Qg3 14. Rg1 d5 15. Na3
dxe4 16. f4 Qg4+ 17. Kf1 Qxh4 18. Bb2 Nd5 19. Bxc4 N5xf4 20. Bxd3 exd3 21. Qd1
Nxh3 22. gxh3 Qf4+ 23. Ke1 Bf6 24. Qb3 Qf3 0-1